Statistics for Top 15 Countries with Covid-19 Deaths - 18 May 2022

Click here to take the quiz!

General Stats

  • This quiz has been taken 13 times
  • The average score is 16 of 27

Answer Stats

country% Correct
United States
100%
France
92%
Italy
92%
Mexico
92%
Russia
92%
United Kingdom
92%
Argentina
85%
Brazil
85%
Germany
85%
Peru
85%
Colombia
77%
India
77%
Indonesia
62%
Iran
62%
Poland
54%
Bulgaria
46%
Croatia
46%
Hungary
46%
Romania
46%
Czechia
38%
Slovakia
38%
Bosnia and
Herzegovina
31%
Lithuania
31%
North Macedonia
31%
Latvia
23%
Slovenia
23%
Georgia
15%

Score Distribution

Percentile by Number Answered

Percent of People with Each Score

Your Score History

You have not taken this quiz